000 00740nam a22001697a 4500
999 _c14108
_d14108
008 190802b ||||| |||| 00| 0 eng d
082 _22019
_aUT 1340
_bSo43
100 _aSoliven, Lorraine Joy P.
_939145
245 _aManagement System For Kabalikat with Android-Based One-Tap Emergency Button and Accident Prediction Analysis Using Linear Regression Model/
_cLorraine Joy P. Soliven, Reemah T. Dela Cruz and Jhay Ann M. Tero
260 _aDigos City
_bUMDC
_cApril 2019
300 _a40 pages
_c30 cm
650 _aBachelor of Science
_vInformation Technology
_xUndergraduate Thesis
_938973
700 _aSoliven, Lorraine Joy P.
_939145
700 _aDela Cruz, Reemah T.
_939146
700 _aTero, Jhay Ann M.
_939147
942 _2ddc
_cUT